000 00640nam a22002177a 4500
003 OSt
008 260625b |||||||| |||| 00| 0 eng d
020 _a9788193644669
082 _a677.0287
_bP98H
100 _aPurushothama, B.
245 _aHandbook of Managing Apparel Production and Quality /
_cby B. Purushothama
260 _a.- New Delhi
_b: Woodhead Publishing India
_c, 2019
300 _axii,508p.
440 _aWoodhead Publishing India in Textiles
650 _aTechnology (Applied Sciences)
650 _aManufacturing
650 _aTextiles
650 _aApparel Production
650 _aHandbook
942 _2ddc
_cBK
999 _c52327
_d52327